000 00552nam a2200169 a 4500
001 000032683
005 20240226131943.0
008 110725s1937 dr c 000 0 spa d
040 _aDO-SdBNP
_bspa
_cBNPHU
082 _axxx
_bL256v
100 1 _aLandestoy Garrido, Pedro
_927211
245 1 0 _aValdesia /
_cPedro Landestoy Garrido ; prólogo Andrés Avelino.
260 _aCiudad Trujillo, República Dominicana :
_b[s.n.],
_c1937.
300 _avii, 125 p. :
_bretr. ;
_c23 cm.
700 1 _aAvelino, Andrés,
_d1900-1974
_epról.
_931875
049 _aBNPD
999 _c32174
_d32174